000
00321nam a22001337a 4500
008
230704b xxu||||| |||| 00| 0 eng d
020
_a
0199268983
082
_a
342
_b
CAN
100
_c
Peter Cane
245
_a
Administrative law
260
_a
New York
_b
oxford University press
_c
2004
300
_a
466p
942
_2
ddc
_c
BK
999
_c
3865
_d
3865